000 00761nam a22002537a 4500
001 BR9507860
003 BR-BrBNA
005 20230928095116.0
007 ta
008 230509b bl.||||| |||| 00| 0 por d
040 _aBR-BrBNA
_bpor
_cBiblioteca Nacional de Agricultura
041 _a(Por)
072 _aF30
_b0336
090 _ 0336 BR9507860
110 1 _aInstituto de Pesquisas Agronomicas, Porto Alegre, RS (Brasil)
_96134
111 1 _a15. Reuniao de Pesquisa de Soja da Regiao Sul
_cCruz Alta, RS (Brazil)
_d10-13 Aug 1987
245 1 _aSoja. Resultados de Pesquisa
260 3 _aPorto Alegre, RS (Brasil):
_c1987.
300 _a201 p.
650 _aSoja
650 _aPesquisa Agricola
909 _a202309
_bLucia
_c55
_dLucia Elande
942 _cBK
999 _c54571
_d54571